000 00981cam a2200217 4500
001 WB3721-14
008 000000n2001 000 0 eng u
035 _a(Sirsi) u112883
245 _aPlanning system set for major overhaul
260 _c2001
490 _aUrban Environment Today
_v 24 May 2001, 1(1)
520 _aA Labour election victory would mean a swift reform of the planning system to streamline it and bring it into line with the government's neighbourhood agenda. Top civil servants presented proposals to representatives including the RICS and the RTPI. Proposals would take forward pledges in the Labour manifesto to speed up the planning system and help identify sites for incoming businesses.
590 _aWB
650 _aPLANNING SYSTEM
650 _aLABOUR PARTY POLICY
650 _aLOCAL AUTHORITIES
650 _aBUSINESS DEVELOPMENT
650 _aREFORM
690 _aENVIRONMENTAL AND LAND CONSULTANCY-PLANNING AND DEVELOPMENT
942 _n0
999 _c67200
_d67200